[Event "US Open"]
[Site "Vancouver, WA"]
[Date "2012.08.07"]
[Round "4"]
[White "Bogle, Bradley (TN)"]
[Black "Burney, James (WA)"]
[Result "1-0"]
[WhiteElo "1766"]
[BlackElo "1452"]
[PlyCount "69"]

1.f4 b5 2.Nf3 Nf6 3.e3 a6 4.Be2 {%08DA} Bb7 5.O-O e6 6.b3 Be7
7.Bb2 O-O 8.Qe1 Ne8 {%08DA} 9.Nc3 f5 10.Ne5 Nf6 11.Nd1 Nc6 12.Bf3
d5 13.Nf2 Nxe5 14.Bxe5 Ne8 15.Nd3 c5 16.Rf2 Rc8 17.c4 Ba8 18.Rc1
bxc4 19.bxc4 dxc4 20.Bxa8 cxd3 21.Bb7 Nd6 22.Bxc8 Qxc8 23.Bxd6
Bxd6 24.Rc3 c4 25.Qc1 Qb8 26.Rxc4 Qd8 27.Rd4 Qe7 28.Qc4 h6 29.Rxd3
Rf6 30.Qd4 Rg6 31.Qxd6 Qb7 32.g3 Kh7 33.Rb3 Qf7 34.Rb8 Qf6 35.Qf8 1-0

[Event "US Open"]
[Site "Vancouver, WA"]
[Date "2012.08.07"]
[Round "4"]
[White "Breckenridge, Steven (OR)"]
[Black "MacFarland, James (CA)"]
[Result "1-0"]
[WhiteElo "2349"]
[BlackElo "2215"]
[PlyCount "81"]

1.e4 e6 2.d4 d5 3.Nd2 Nf6 4.e5 Nfd7 5.Bd3 c5 6.c3 Nc6 7.Ne2 cxd4
8.cxd4 f6 9.exf6 Nxf6 10.Nf3 Bd6 11.O-O Qc7 12.Bg5 O-O 13.Rc1
Bd7 14.Bh4 Rae8 15.Bg3 Qb8 16.Nc3 Bxg3 17.hxg3 e5 18.dxe5 Nxe5
19.Be2 Qd6 20.Qb3 Bc6 21.Nb5 Qb8 22.Nbd4 Qd6 23.Nb5 Qb8 24.Nbd4
Qd6 25.Nxc6 bxc6 26.Qa4 Ne4 27.Rfd1 Qf6 28.Qd4 Ng4 29.Rf1 Qh6
30.Nh4 Ngxf2 31.Bf3 Nxg3 32.Rxc6 Ne2+ 33.Bxe2 Qxc6 34.Rxf2 Re4
35.Rxf8+ Kxf8 36.Qf2+ Qf6 37.Nf3 Ra4 38.Qc5+ Qe7 39.Qc8+ Kf7
40.Qf5+ Qf6 41.Qd7+ 1-0

[Event "US Open"]
[Site "Vancouver, WA"]
[Date "2012.08.07"]
[Round "4"]
[White "Brownscombe, Tom (NV)"]
[Black "Sherrard, Jerry (OR)"]
[Result "1-0"]
[WhiteElo "2212"]
[BlackElo "1945"]
[PlyCount "67"]

1.e4 c5 2.Nf3 d6 3.d4 cxd4 4.Nxd4 Nf6 5.Nc3 a6 6.Bc4 e6 7.Bb3
Be7 8.Be3 O-O 9.f4 Qa5 10.Qf3 Nbd7 11.O-O-O Nc5 12.g4 Nfd7 13.Kb1
Qc7 14.Rhe1 Re8 15.g5 b5 16.f5 Ne5 17.Qg2 b4 18.Na4 Bf8 19.g6
hxg6 20.fxe6 fxe6 21.Bf4 Bd7 22.Nxc5 Qxc5 23.Bxe5 Qxe5 24.Qxg6
a5 25.Rf1 d5 26.Qf7+ Kh7 27.Qxd7 Rad8 28.Nc6 Qd6 29.Qxd6 Rxd6
30.exd5 a4 31.Bxa4 exd5 32.Nxb4 d4 33.Bxe8 Rd8 34.Rxf8 1-0

[Event "US Open"]
[Site "Vancouver, WA"]
[Date "2012.08.07"]
[Round "4"]
[White "Chan, James (CAN)"]
[Black "Bulakh, Nikolay (WA)"]
[Result "1-0"]
[WhiteElo "2029"]
[BlackElo "1910"]
[PlyCount "63"]

1.e4 c5 2.Nf3 d6 3.d4 cxd4 4.Nxd4 Nf6 5.Nc3 a6 6.Bg5 e6 7.f4
Be7 8.Qe2 Nbd7 9.O-O-O Qc7 10.g4 b5 11.a3 Bb7 12.Rg1 O-O 13.Bxf6
Bxf6 14.g5 Bxd4 15.Rxd4 Qc5 16.Qe3 Rac8 17.Rg3 Nb6 18.Qd2 d5
19.e5 Rc7 20.Rh3 Rfc8 21.Kb1 Nc4 22.Bxc4 bxc4 23.Ne4 Qe7 24.Nd6
Rb8 25.Qf2 Rc6 26.Qh4 h6 27.Qh5 Ba8 28.Ka2 Qc7 29.c3 Rb3 30.gxh6
g6 31.h7+ Kh8 32.Qg5 1-0

[Event "US Open"]
[Site "Vancouver, WA"]
[Date "2012.08.07"]
[Round "4"]
[White "Cheng, Kun  (CAN)"]
[Black "Kaufman, Raymond (CA)"]
[Result "0-1"]
[WhiteElo "1883"]
[BlackElo "2420"]
[PlyCount "58"]

1.e4 e6 2.d4 d5 3.e5 c5 4.c3 Qb6 5.Nf3 Nc6 6.Be2 cxd4 7.cxd4
Nh6 8.b3 Bb4+ 9.Kf1 Nf5 10.Bb2 Bd7 11.g4 Nh6 12.h3 f6 13.Nc3
Bxc3 14.Bxc3 fxe5 15.Nxe5 Nxe5 16.dxe5 Bb5 17.Qd4 Qa6 18.Bxb5+
Qxb5+ 19.Kg2 O-O 20.Rae1 Nf7 21.f4 Rac8 22.h4 Nd8 23.f5 Nc6 24.Qf4
exf5 25.e6 d4 26.e7 Nxe7 27.Rxe7 Rxc3 28.Qxd4 Qc6+ 29.Kf2 Qxh1 0-1

[Event "US Open"]
[Site "Vancouver, WA"]
[Date "2012.08.07"]
[Round "4"]
[White "Cigan, Jason (OR)"]
[Black "Sen, Samir  (WA)"]
[Result "1/2-1/2"]
[WhiteElo "1902"]
[BlackElo "2158"]
[PlyCount "127"]

1.e4 c5 2.Nf3 Nc6 3.d4 cxd4 4.Nxd4 Nf6 5.Nc3 e5 6.Ndb5 h6 7.Be3
d6 8.a4 a6 9.Na3 Be6 10.Bc4 Rc8 11.Qe2 Be7 12.Bxe6 fxe6 13.Nc4
Nd4 14.Bxd4 exd4 15.Nb1 Qc7 16.Nbd2 O-O 17.O-O e5 18.a5 Rf7 19.Nb6
Rcf8 20.c3 dxc3 21.Rac1 Qc5 22.Rxc3 Qxa5 23.Nc8 Qd8 24.Nf3 Nd7
25.Qc4 Nb6 26.Nxe7+ Qxe7 27.Qb4 Nc8 28.Rfc1 Na7 29.Rc7 Qxc7 30.Rxc7
Rxc7 31.h3 Nb5 32.Nh4 Rc1+ 33.Kh2 Rxf2 34.Qb3+ Kh7 35.Qg3 Rf6
36.Nf5 Rc7 37.Qb3 g6 38.Ne3 Rcf7 39.Ng4 Rf4 40.Qd5 h5 41.Ne3
Kg7 42.Nc4 R4f6 43.Na5 b6 44.Nc4 Nc7 45.Qd3 b5 46.Nxd6 Re7 47.Nc8
Re8 48.Nd6 Re7 49.Nc8 Re8 50.Nd6 Ree6 51.Nb7 Rf7 52.Nd8 Ree7
53.Nxf7 Kxf7 54.b4 Ke6 55.Qb3+ Kf6 56.Qf3+ Ke6 57.Qe3 Kd7 58.Kg3
Re6 59.Qc5 Kd8 60.Kh4 Kd7 61.Kg5 Kd8 62.Kh4 Kd7 63.Qc3 Ne8 64.Qc5 1/2-1/2

[Event "US Open"]
[Site "Vancouver, WA"]
[Date "2012.08.07"]
[Round "4"]
[White "Cooklev, Steven (IN)"]
[Black "Langer, Michael (TX)"]
[Result "1-0"]
[WhiteElo "2124"]
[BlackElo "2264"]
[PlyCount "77"]

1.e4 c5 2.Nf3 d6 3.d4 cxd4 4.Nxd4 Nf6 5.Nc3 a6 6.Be2 e5 7.Nb3
Be7 8.O-O O-O 9.a4 Nc6 10.Bf3 Nb4 11.Be3 b6 12.Nd5 Nfxd5 13.exd5
Bf5 14.Rc1 Rc8 15.Be2 Bxc2 16.Qd2 a5 17.Bd1 Bd3 18.Re1 Bc4 19.Na1
f5 20.f3 Bh4 21.g3 f4 22.Bf2 Qg5 23.Re4 fxg3 24.Be3 gxh2+ 25.Kh1
Rf4 26.Rcxc4 Rxc4 27.Rxc4 Qg3 28.Rxf4 exf4 29.Bxb6 Nd3 30.Qxh2
Qe1+ 31.Qg1 Qd2 32.Nb3 Qb4 33.Nxa5 Bg3 34.Nc6 Qxb2 35.a5 Qf6
36.Qg2 Ne1 37.Qh3 Nd3 38.Qe6+ Qxe6 39.dxe6 1-0

[Event "US Open"]
[Site "Vancouver, WA"]
[Date "2012.08.07"]
[Round "4"]
[White "Covington, Paul (CO)"]
[Black "Yu, Corbin (OR)"]
[Result "0-1"]
[WhiteElo "1909"]
[BlackElo "2150"]
[PlyCount "140"]

1.d4 Nf6 2.Nf3 c5 3.e3 b6 4.Be2 Bb7 5.O-O g6 6.b3 Bg7 7.Bb2 O-O
8.c4 cxd4 9.Nxd4 Na6 10.Nc3 Nc5 11.Rc1 Rc8 12.b4 Nce4 13.Nxe4
Nxe4 14.Bf3 a6 15.Qc2 f5 16.Bxe4 Bxe4 17.Qb3 Kh8 18.Rfd1 Qc7
19.f3 Bb7 20.c5 bxc5 21.Rxc5 Qb6 22.Rdc1 e5 23.Rxc8 Rxc8 24.Rxc8+
Bxc8 25.Nc2 Qd6 26.Ne1 h6 27.a4 Qd2 28.Qc3 Qxc3 29.Bxc3 d6 30.b5
axb5 31.axb5 Kg8 32.Nc2 Kf7 33.Nb4 Bb7 34.Kf2 Ke6 35.Ke2 Bf6
36.Kd2 Kd7 37.Kc2 h5 38.Kb3 Bg5 39.Nc2 Bd5+ 40.Ka4 Kc7 41.Ba5+
Kb7 42.Bd2 Bc4 43.g3 Be2 44.Ne1 Bh6 45.f4 Bf8 46.Bc3 Kb6 47.Ba5+
Kc5 48.b6 Kc6 49.Bb4 exf4 50.Ka5 f3 51.Nxf3 Bxf3 52.Ka6 Be7 53.Ka7
Kb5 54.Bc3 Kc4 55.Bd4 Kd3 56.b7 Bxb7 57.Kxb7 Bg5 58.Kc6 Bxe3
59.Bf6 f4 60.gxf4 Bxf4 61.h4 Ke4 62.Kb5 Kf5 63.Be7 d5 64.Kb4
d4 65.Kb3 d3 66.Bc5 Bg3 67.Be7 Ke4 68.Bg5 Bf4 69.Bd8 Ke3 70.Ba5
Ke2 0-1

[Event "US Open"]
[Site "Vancouver, WA"]
[Date "2012.08.07"]
[Round "4"]
[White "Dimick, John (WA)"]
[Black "Pineda, Andrew (CO)"]
[Result "1-0"]
[WhiteElo "1842"]
[BlackElo "1731"]
[PlyCount "101"]

1.e4 c5 2.Nf3 Nc6 3.d4 cxd4 4.Nxd4 Nf6 5.Nc3 e5 6.Ndb5 d6 7.Be2
a6 8.Na3 b5 9.Naxb5 axb5 10.Bxb5 Bd7 11.O-O Nd4 {%08DA} 12.Bd3
Be7 13.Be3 Nc6 14.h3 O-O 15.f4 exf4 16.Bxf4 Ne5 17.Kh1 Qb6 18.b3
Nxd3 19.Qxd3 Be6 20.Na4 Qc6 21.Rae1 d5 22.e5 Ne4 23.c4 Nc5 24.Nxc5
Qxc5 25.cxd5 Qxd5 26.Qg3 Rfc8 27.Rf2 Rc7 28.Bh6 g6 29.Rd2 Qa5
30.Red1 Rc3 31.Qf4 Rac8 32.Bg5 Qa8 33.Bxe7 Rxh3+ 34.Kg1 Qa7+
35.Qd4 Qxe7 36.gxh3 Bxh3 37.Qe3 Be6 38.Qf4 Kg7 39.Rf2 h5 40.Qf6+
Qxf6 41.exf6+ Kh6 42.b4 h4 43.a4 g5 44.Re1 Bb3 45.Ra1 g4 46.a5
Be6 47.a6 Rc3 48.a7 Bd5 49.a8Q Rg3+ 50.Kf1 Bc4+ 51.Ke1 1-0

[Event "US Open"]
[Site "Vancouver, WA"]
[Date "2012.08.07"]
[Round "4"]
[White "Ellenbogen, Michael  (NY)"]
[Black "Gay, Daniel (OR)"]
[Result "0-1"]
[WhiteElo "2098"]
[BlackElo "2212"]
[PlyCount "72"]

1.c4 Nf6 2.Nc3 g6 3.g3 Bg7 4.Bg2 O-O 5.Nf3 d6 6.d4 Nc6 7.O-O
a6 8.b3 Rb8 9.d5 Na5 10.Bb2 b5 11.cxb5 axb5 12.Nd4 b4 13.Na4
e6 14.Nc6 Nxc6 15.dxc6 Ba6 16.Qd2 Bb5 17.Rfd1 Qc8 18.a3 Bxa4
19.bxa4 b3 20.Rab1 Qa6 21.a5 Rb5 22.Bc3 Nd5 23.Bxg7 Kxg7 24.Bxd5
exd5 25.Qc3+ Kg8 26.Rxb3 Rxa5 27.h4 h5 28.Rdb1 Rc5 29.Qe3 Qa8
30.Qh6 Qc8 31.Rb4 Rxc6 32.g4 Rc4 33.Rxc4 dxc4 34.gxh5 Qg4+ 35.Kf1
Qxh4 36.Kg2 Qe4+ 0-1

[Event "US Open"]
[Site "Vancouver, WA"]
[Date "2012.08.07"]
[Round "4"]
[White "Gaddis, William (WA)"]
[Black "Ball, Larry (OR)"]
[Result "1-0"]
[WhiteElo "1643"]
[BlackElo "1937"]
[PlyCount "61"]

1.e4 g6 2.d4 Bg7 3.Nf3 c5 4.c3 cxd4 5.cxd4 d5 6.e5 Nc6 7.Be2
f6 8.Bf4 Bg4 ( 8...fxe5 9.Nxe5 Qb6 10.Nc3 Be6 11.Bb5 Nf6 12.a4
O-O 13.Nxc6 bxc6 14.a5 Qb7 15.Qe2 Bc8 16.Bd3 Ng4 17.Be3 Rb8 18.Ra2
e5 19.dxe5 Bxe5 20.Bc5 Re8 21.f4 Bxc3+ 22.bxc3 Rxe2+ 23.Kxe2
Bf5 24.Bc2 Qb5+ 25.Kf3 Qxc5 26.Bxf5 gxf5 {0-1, Kastner Thomas 1350 - Herrmann Arnd (GER) 2124, Passau (Germany) 1999}
) 9.O-O Bxf3 10.Bxf3 e6 11.exf6 Qxf6 12.Be5 Nxe5 13.dxe5 Qe7
14.Re1 Nh6 15.Qa4+ Qd7 16.Qf4 Nf7 17.Qb4 Nxe5 18.Nd2 Nd3 19.Rxe6+
Qxe6 20.Qxb7 Rd8 21.Qxg7 Qe5 22.Qxe5+ Nxe5 23.Re1 Kf7 24.Rxe5
Rhe8 25.Bxd5+ Kf6 26.Rxe8 Rxe8 27.Kf1 Rd8 28.Ne4+ Ke5 29.Nc3
Rb8 30.Bb3 Kd4 31.Ke2 1-0

[Event "US Open"]
[Site "Vancouver, WA"]
[Date "2012.08.07"]
[Round "4"]
[White "Gater, Daniel (IN)"]
[Black "Varner, Murlin (WA)"]
[Result "1-0"]
[WhiteElo "2178"]
[BlackElo "1673"]
[PlyCount "41"]

1.d4 Nf6 2.c4 g6 3.Nc3 Bg7 4.e4 d6 5.Be2 Nbd7 6.Nf3 b6 7.O-O
O-O 8.Rb1 {%08DA} c5 9.d5 Ba6 10.h3 Qc7 11.Be3 e6 12.Qa4 Bb7
13.dxe6 fxe6 14.Qc2 d5 15.cxd5 exd5 16.exd5 Nxd5 17.Bc4 Bxc3
18.Rbd1 Bd4 {?} ( 18...Ne5 19.Nxe5 Bxe5 20.Bxd5+ Bxd5 {=} ) 19.Nxd4
cxd4 {??} ( 19...Qe5 20.Nf3 Rxf3 21.gxf3 N7f6 $16 ) 20.Bxd5+
Bxd5 21.Qxc7 ( ) 1-0

[Event "US Open"]
[Site "Vancouver, WA"]
[Date "2012.08.07"]
[Round "4"]
[White "Gelman, Jeffrey (NJ)"]
[Black "Truong, Kenneth (WA)"]
[Result "0-1"]
[WhiteElo "1900"]
[BlackElo "1714"]
[PlyCount "54"]

1.c4 e5 2.g3 Nf6 3.Bg2 d5 4.cxd5 Nxd5 5.d3 Be6 6.Nf3 Nc6 7.Bd2
{%08DA} Bc5 8.Nc3 f6 9.h4 ( 9.Rc1 Bb6 10.Na4 Qd7 11.Nxb6 cxb6
12.Bc3 Bh3 13.O-O Bxg2 14.Kxg2 h5 15.e4 Nxc3 16.bxc3 O-O-O 17.d4
h4 18.Nxh4 g5 19.Nf5 Kb8 20.d5 Ne7 21.Nxe7 Qxe7 22.Qg4 Rh6 23.Rh1
Qa3 24.Rc2 Qa4 25.Rd2 Qc4 26.Qf3 Qc8 27.h3 Rd6 28.g4 Rh7 29.Qf5
Rhd7 30.Rc1 Qc4 31.Rdc2 b5 32.Qf3 Rc7 33.Qe2 Kc8 34.Qxc4 Rxc4
35.f3 Ra6 36.Rb1 Rc5 37.Kf2 Ra4 38.Ke2 b4 39.c4 b5 40.Kd3 Ra3+
41.Rb3 bxc4+ 42.Rxc4 Rxc4 43.Kxc4 Rxa2 44.Kxb4 a5+ 45.Kc5 a4
46.Rb5 a3 47.Kd6 Rb2 48.Ra5 Rb3 49.Ke6 Rxf3 50.d6 Rd3 51.Ra8+
Kb7 52.Ra4 {1-0, Pajukari Seppo - Poutiainen Pertti (FIN) 2430, Tampere (Finland) 1970}
) Qd7 10.Ne4 Bb6 11.Rc1 O-O-O 12.Nc5 Bxc5 13.Rxc5 h6 14.a3 g5
15.b4 g4 16.Nh2 Qd6 17.Nf1 f5 18.Ne3 Nxe3 19.Bxe3 f4 20.gxf4
exf4 21.Bd2 f3 22.Bf1 Nd4 23.e3 Rde8 24.Bc3 Bb3 25.Qc1 Rxe3+
26.Kd2 Re7 27.Bxd4 Qxd4 0-1

[Event "US Open"]
[Site "Vancouver, WA"]
[Date "2012.08.07"]
[Round "4"]
[White "Georgeades, Terry (OR)"]
[Black "Haring, Ruth (CA)"]
[Result "1/2-1/2"]
[WhiteElo "1607"]
[BlackElo "1920"]
[PlyCount "52"]

1.Nf3 Nf6 2.d4 g6 3.c4 Bg7 4.Nc3 d6 5.e4 O-O 6.Be2 Nbd7 7.O-O
e5 8.d5 Nc5 9.Nd2 a5 10.f3 Nh5 11.Nb3 Nxb3 12.axb3 Bd7 13.Be3
b6 {%08DA} 14.Qd2 f5 15.Bh6 f4 16.Bxg7 Kxg7 17.Nd1 Kh8 18.b4
axb4 19.Rxa8 Qxa8 20.Qxb4 Qa7 21.Nf2 Ra8 22.Qc3 Qa5 23.Qxa5 Rxa5
24.Nd3 Nf6 25.b4 Ra2 26.Re1 g5 {%02  (Remainder illegible. Drawn on move 37.)}
 1/2-1/2

[Event "US Open"]
[Site "Vancouver, WA"]
[Date "2012.08.07"]
[Round "4"]
[White "Glover, Brian  (CA)"]
[Black "May, Andy (WA)"]
[Result "1/2-1/2"]
[WhiteElo "1895"]
[BlackElo "2121"]
[PlyCount "127"]

1.d4 d5 2.c4 c6 3.Nc3 Nf6 4.Nf3 a6 5.cxd5 cxd5 6.Bg5 Ne4 7.Bf4
Nc6 8.Qb3 Nxc3 9.bxc3 e6 10.e3 Be7 11.Bd3 O-O 12.O-O Na5 13.Qc2
h6 14.Ne5 Bd7 15.e4 Bc6 16.exd5 Bxd5 17.c4 Rc8 18.Qe2 Nxc4 19.Nxc4
Bxc4 20.Bxc4 Qxd4 21.Bxe6 fxe6 22.Qxe6+ Kh7 23.Be3 Qf6 24.Qe4+
Kh8 25.Qxb7 Bc5 26.Bxc5 Rxc5 27.Qb3 Rb5 28.Qe3 Rb2 29.a3 Qf7
30.Rab1 Ra2 31.Rb6 Re8 32.Qb3 Qxb3 33.Rxb3 Re5 34.f4 Ree2 35.Rg3
Reb2 36.h3 Rb7 37.f5 Rf7 38.Rff3 Ra1+ 39.Kh2 Rc1 40.Rg6 a5 41.f6
Rxf6 42.Rfxf6 gxf6 43.Rxf6 Rc3 44.Rf3 Rc4 45.g3 Rc2+ 46.Kg1 Ra2
47.Kf1 Kg7 48.Ke1 Kg6 49.Kd1 Kg5 50.Rc3 Kf5 51.Rc5+ Ke4 52.Rxa5
Kd3 53.Kc1 Kc3 54.Rc5+ Kd3 55.Rh5 Kc3 56.Kb1 Rb2+ 57.Ka1 Rg2
58.a4 Kb3 59.Rb5+ Kxa4 60.Rh5 Kb3 61.Rb5+ Kc3 62.g4 Rh2 63.Rh5
Kb3 64.Rb5+ 1/2-1/2

[Event "US Open"]
[Site "Vancouver, WA"]
[Date "2012.08.07"]
[Round "4"]
[White "Greger, Tom (OR)"]
[Black "Sankrithi, Siva (WA)"]
[Result "0-1"]
[WhiteElo "1590"]
[BlackElo "1510"]
[PlyCount "58"]

1.e4 e5 2.Nf3 Nf6 3.Nc3 Nc6 4.Bc4 Bc5 5.d3 O-O 6.Bg5 h6 7.Bh4
Na5 8.Bb3 ( 8.Bb3 c6 9.O-O Qe7 10.Qd2 Nxb3 11.axb3 Qd6 12.Na2
Bb6 13.Rfe1 Nh7 14.Qc3 Bd4 15.Nxd4 Qxd4 16.Qxd4 exd4 17.Rad1
Re8 18.c3 dxc3 19.bxc3 d5 20.exd5 Rxe1+ 21.Rxe1 Bf5 22.d6 g5
23.Bg3 Nf6 24.d4 Ne4 25.d7 Kf8 26.f3 Nxg3 27.hxg3 Bxd7 28.c4
{1/2-1/2, Tromp Pieter - Van Der Pluijm Rik, Rijswijk  (Netherlands) 2001}
) Nxb3 9.axb3 d6 10.Nd5 Bg4 11.h3 Bh5 12.g4 Bg6 13.Qd2 Kh7 14.g5
Nxd5 15.exd5 h5 16.O-O-O Qd7 17.Bg3 f5 18.Nh4 f4 19.Nxg6 Kxg6
20.Bh4 Qf5 21.Kb1 Bb6 22.f3 a5 23.Qg2 a4 24.bxa4 Rxa4 25.b3 Ra3
26.Bf2 Bxf2 27.Qxf2 Rfa8 28.Kb2 R3a5 29.c4 {??} Ra2+ 0-1

[Event "US Open"]
[Site "Vancouver, WA"]
[Date "2012.08.07"]
[Round "4"]
[White "Gurevich, Dmitry  (IL)"]
[Black "Daroza, Eduardo (OR)"]
[Result "1-0"]
[WhiteElo "2539"]
[BlackElo "2049"]
[PlyCount "47"]

1.d4 Nf6 2.c4 e6 3.g3 Bb4+ 4.Nd2 O-O 5.Bg2 Nc6 6.Ngf3 d6 7.O-O
e5 8.Nb3 exd4 9.Nfxd4 Ne5 10.Qc2 c6 11.f4 Ng6 12.a3 Ba5 13.Nxa5
Qxa5 14.e4 Qc5 15.Qc3 Re8 16.b4 Qh5 17.f5 Ne5 18.h3 c5 19.Nb5
cxb4 20.axb4 Rd8 21.Bf4 Qe2 22.Rad1 Nfd7 23.Bxe5 dxe5 24.Bf3 1-0

[Event "US Open"]
[Site "Vancouver, WA"]
[Date "2012.08.07"]
[Round "4"]
[White "Gustafsson, Alexander (UT)"]
[Black "Bercys, Salvijus (NY)"]
[Result "0-1"]
[WhiteElo "2060"]
[BlackElo "2479"]
[PlyCount "76"]

1.d4 Nf6 2.c4 d6 3.Nc3 e5 4.d5 Be7 5.e4 O-O 6.Be2 Ne8 7.Nf3 Bg4
8.Nd2 Bd7 9.b4 a5 10.bxa5 Rxa5 11.Nb3 Ra8 12.Be3 Bg5 13.Qd2 Bxe3
14.Qxe3 b6 15.O-O Na6 16.f4 exf4 17.Rxf4 Qg5 18.Nd4 Nf6 19.Nf3
Qh6 20.e5 Ng4 21.Qc1 dxe5 22.Re4 Qxc1+ 23.Rxc1 Nc5 24.Nxe5 Nxe4
25.Nxd7 Nxc3 26.Bxg4 Nxa2 27.Rf1 Rfe8 28.d6 cxd6 29.Nxb6 Rab8
30.Nd5 Nb4 31.Bh5 Rf8 32.Ne7+ Kh8 33.Bxf7 Rb7 34.Nd5 Rbxf7 35.Rxf7
Rxf7 36.Nxb4 Rf4 37.Nd5 Rxc4 38.Kf2 Kg8 0-1

[Event "US Open"]
[Site "Vancouver, WA"]
[Date "2012.08.09"]
[Round "4"]
[White "Haining, Kyle (WA)"]
[Black "Terrill, Michael (OR)"]
[Result "1-0"]
[WhiteElo "1900"]
[BlackElo "1566"]
[PlyCount "41"]

1.e4 e5 2.Nf3 Nc6 3.Bb5 a6 4.Bxc6 bxc6 5.O-O d6 6.d4 Bg4 7.dxe5
Bxf3 8.Qxf3 dxe5 9.Nd2 Nf6 10.Qc3 Bd6 11.Qxc6+ Ke7 12.Nc4 Re8
13.Bg5 Qd7 14.Qd5 Kf8 15.Bxf6 gxf6 16.Rad1 Red8 17.Qd2 Qg4 18.Qh6+
Ke7 19.Ne3 Qg6 20.Nf5+ Ke6 21.Qh3 1-0

[Event "US Open"]
[Site "Vancouver, WA"]
[Date "2012.08.07"]
[Round "4"]
[White "Han, Yiming (CAN)"]
[Black "Greninger, Harley (WA)"]
[Result "1/2-1/2"]
[WhiteElo "1941"]
[BlackElo "2198"]
[PlyCount "32"]

1.e4 e6 2.d4 d5 3.exd5 exd5 4.Bd3 Bd6 5.Nf3 Ne7 6.O-O Bf5 7.Bxf5
Nxf5 8.Re1+ Ne7 9.Ne5 O-O 10.Qg4 Nbc6 ( 10...Qc8 11.Qe2 f6 12.Nd3
Ng6 13.Be3 Re8 14.Qh5 c6 15.Nd2 Qd7 16.f4 Qf7 17.f5 Nh8 18.Qg4
Na6 19.c3 Qd7 20.Bf4 Nf7 21.Nf1 Bxf4 22.Qxf4 Nd6 23.Ng3 Rxe1+
24.Rxe1 Re8 25.Rxe8+ Nxe8 26.Nc5 Nxc5 27.dxc5 Qc7 28.Qxc7 Nxc7
29.Ne2 Kf7 30.Nd4 Ke7 31.Kf2 Kd7 32.a4 b6 33.cxb6 axb6 34.b4
c5 35.Nb3 Kc6 36.Ke3 Ne8 37.a5 bxa5 38.Nxa5+ Kb5 39.Nb7 cxb4
40.cxb4 Kc4 41.b5 d4+ 42.Kd2 Kxb5 43.Kd3 Kb6 44.Nd8 Nd6 45.g4
g6 46.fxg6 hxg6 47.Kxd4 f5 48.Ke5 Nc4+ 49.Kf4 fxg4 50.Kxg4 Ne5+
51.Kf4 Nd3+ 52.Ke3 Ne1 53.Nf7 Ng2+ 54.Ke4 Kc7 55.Kf3 Nh4+ 56.Kg4
Nf5 57.Kg5 Kd7 58.Kxg6 Nh4+ 59.Kf6 {1/2-1/2, Patel Darshan - Berginas Sigitas, Goa (India) 2006. 10.16}
) 11.c3 Qc8 12.Qxc8 Raxc8 13.Bf4 Rfe8 14.Nd2 Bxe5 15.Bxe5 Nxe5
16.Rxe5 f6 1/2-1/2

[Event "US Open"]
[Site "Vancouver, WA"]
[Date "2012.08.07"]
[Round "4"]
[White "Hughes, Charles (ID)"]
[Black "Mitchell, Mika (WA)"]
[Result "1/2-1/2"]
[WhiteElo "1732"]
[BlackElo "1892"]
[PlyCount "33"]

1.d4 d5 2.Nf3 Nc6 3.Bf4 Bf5 4.a3 e6 5.Nc3 Bd6 6.Bxd6 cxd6 7.e3
Nf6 8.Bd3 Ne4 ( 8...Bxd3 9.Qxd3 O-O 10.O-O Rc8 11.Rfe1 Na5 12.Nd2
Qb6 13.Rab1 Nc4 14.Nxc4 Rxc4 15.Ne2 Rfc8 16.c3 Qc7 17.h3 Qd7
18.g4 b5 19.Ng3 Qb7 20.Kg2 a5 21.Re2 b4 22.cxb4 axb4 23.Qb3 Qa6
24.a4 g6 25.Ra1 e5 26.g5 Ne4 27.Nxe4 dxe4 28.dxe5 d5 29.Qd1 Qe6
30.Rd2 Qxe5 31.Rxd5 Qxb2 32.Rb1 Qa2 33.Rd8+ Rxd8 34.Qxd8+ Kg7
35.Qf6+ Kg8 36.Rd1 Rc8 37.Rd8+ Rxd8 38.Qxd8+ Kg7 39.Qd4+ Kg8
40.Qxb4 Qd5 41.Qb5 Qd1 {1-0, Salinero De Prado Juan M (ESP) 2166 - Agirretxe San Sebastian J (ESP) 2192, Amorebieta (Spain) 2006.04.20}
) 9.Ne2 O-O 10.O-O e5 11.c3 Nxc3 12.Nxc3 e4 13.Bc2 Bg4 14.h3
Bh5 15.g4 exf3 16.Qxf3 Bg6 17.Bxg6 1/2-1/2

[Event "US Open"]
[Site "Vancouver, WA"]
[Date "2012.08.09"]
[Round "4"]
[White "Jensen, David (WA)"]
[Black "Sullivan, Brian  (CAN)"]
[Result "0-1"]
[WhiteElo "515"]
[BlackElo "1618"]
[PlyCount "86"]

1.d4 d5 2.c4 e6 3.Nf3 Nf6 4.Bf4 c6 5.e3 a6 6.Bd3 Nbd7 7.O-O Be7
8.Nc3 dxc4 9.Bxc4 b5 10.Bd3 c5 11.Be4 Nxe4 12.Nxe4 O-O 13.Rc1
c4 14.b3 Bb7 15.Nd6 Bxf3 16.Qxf3 Nb6 17.Qg3 Nd5 18.Bh6 Bf6 19.Rcd1
Kh8 20.e4 gxh6 21.exd5 exd5 22.Nf5 Qb6 23.Rfe1 Rg8 24.Qf4 Bg5
25.Qe5+ Qf6 26.Qxf6+ Bxf6 27.Nxh6 Rg7 28.Re3 Bg5 29.Rh3 Bxh6
30.Rxh6 Rg6 31.Rh5 Rd8 32.Re1 Kg7 33.Ree5 Re6 34.Rhg5+ Kf8 35.h4
Rxe5 36.Rxe5 c3 37.Re2 b4 38.Kf1 Re8 39.Rc2 Re4 40.g3 Rxd4 41.Ke2
Re4+ 42.Kf3 Re1 43.Kg4 d4 0-1

[Event "US Open"]
[Site "Vancouver, WA"]
[Date "2012.08.07"]
[Round "4"]
[White "Kenney, Jason (CAN)"]
[Black "Gross, Ronald (NV)"]
[Result "0-1"]
[WhiteElo "2289"]
[BlackElo "2145"]
[PlyCount "82"]

1.d4 d5 2.c4 e6 3.Nc3 Nf6 4.cxd5 exd5 5.Bg5 c6 6.e3 Be7 7.Qc2
Nbd7 8.Bd3 Nh5 9.Bxe7 Qxe7 10.g4 Nf4 11.Bf1 Ne6 12.O-O-O Nb6
13.Bd3 Nc7 14.h3 h5 15.Nf3 Be6 16.Ne5 O-O-O 17.f4 Kb8 18.f5 Bc8
19.Qf2 Nd7 20.Nf3 Rde8 21.Rhe1 hxg4 22.hxg4 Nf6 23.Ne5 Nd7 24.Nf3
Nf6 25.Qg3 Rd8 26.Kb1 Qd6 27.Qg2 Nd7 28.g5 f6 29.g6 Rh5 30.Rh1
Rdh8 31.Rxh5 Rxh5 32.Ne2 Nb6 33.Ng3 Rh8 34.Rh1 Rxh1+ 35.Nxh1
Nc4 36.Bxc4 Bxf5+ 37.Ka1 dxc4 38.Nf2 Qb4 39.e4 c3 40.bxc3 Qxc3+
41.Kb1 Be6 0-1

[Event "US Open"]
[Site "Vancouver, WA"]
[Date "2012.08.07"]
[Round "4"]
[White "Labedz, Patrycja (TX)"]
[Black "Norowitz, Yaacov (NJ)"]
[Result "0-1"]
[WhiteElo "2329"]
[BlackElo "2569"]
[PlyCount "86"]

1.d4 d5 2.Nf3 Nf6 3.g3 Bg4 4.Bg2 e6 5.c4 Bb4+ 6.Bd2 Bxf3 7.Bxf3
Bxd2+ 8.Nxd2 O-O 9.Qb3 Nc6 10.e3 Na5 11.Qc3 c6 12.b4 Nxc4 13.Nxc4
dxc4 14.Qxc4 e5 15.dxe5 Nd7 16.Qc3 Qe7 17.O-O Qxe5 18.Qxe5 Nxe5
19.Be2 Rfd8 20.Rfd1 f5 21.f4 Nf7 22.g4 fxg4 23.Bxg4 Kf8 24.Kf2
Nd6 25.Rd4 Nb5 26.Rxd8+ Rxd8 27.Rd1 Rxd1 28.Bxd1 Nc3 29.Bb3 c5
30.bxc5 Ne4+ 31.Kf3 Nxc5 32.Bc2 b5 33.Bxh7 b4 34.Bc2 a5 35.e4
a4 36.f5 b3 37.axb3 a3 38.Bb1 Nxb3 39.Kf4 Nc1 40.e5 Ne2+ 41.Ke3
Nc3 42.Kd3 Nxb1 43.Kc2 Nd2 0-1

[Event "US Open"]
[Site "Vancouver, WA"]
[Date "2012.08.09"]
[Round "4"]
[White "Leblanc, Paul (CAN)"]
[Black "Karman, Allan  (CA)"]
[Result "1-0"]
[WhiteElo "1833"]
[BlackElo "2127"]
[PlyCount "119"]

1.d4 Nf6 2.c4 e6 3.Nf3 b6 4.g3 Bb4+ 5.Bd2 Be7 6.Bg2 c6 7.Nc3
d5 8.O-O O-O 9.Ne5 Nfd7 10.Nxd7 Nxd7 11.cxd5 exd5 12.Nxd5 cxd5
13.Bxd5 Rb8 14.Bf4 Bb7 15.Bxb8 Bxd5 16.Bf4 Bg5 17.Qd2 Bxf4 18.Qxf4
Nf6 19.Rfe1 Bb7 20.f3 Re8 21.Qd2 Qd7 22.e4 h5 23.Rac1 Rd8 24.d5
Ne8 25.Qg5 g6 26.Rc2 Kg7 27.Rec1 Rc8 28.Qe5+ f6 29.Qd4 Rxc2 30.Rxc2
Kf7 31.f4 f5 32.e5 Qxd5 33.Qxd5+ Bxd5 34.b3 Bb7 35.Kf2 Ke7 36.Ke3
Kd7 37.Kd4 Nc7 38.b4 Nb5+ 39.Ke3 Bd5 40.a4 Nc7 41.Rc3 Be4 42.Kd4
Ne6+ 43.Ke3 Nc7 44.Kd4 Bc6 45.b5 Ne6+ 46.Kc4 Be4 47.Rc1 Ke7 48.Kb4
Nc5 49.Rd1 g5 50.a5 gxf4 51.axb6 axb6 52.gxf4 Nd3+ 53.Kc3 Nxf4
54.Rd6 Bg2 55.Kd4 Ne6+ 56.Ke3 f4+ 57.Kf2 f3 58.Rxb6 h4 59.Rxe6+
Kxe6 60.b6 1-0

[Event "US Open"]
[Site "Vancouver, WA"]
[Date "2012.08.07"]
[Round "4"]
[White "Lundin, Robert (OR)"]
[Black "Arganian, David (WA)"]
[Result "1/2-1/2"]
[WhiteElo "1860"]
[BlackElo "2002"]
[PlyCount "40"]

1.e4 c5 2.Nf3 d6 3.d4 cxd4 4.Nxd4 Nf6 5.Nc3 e6 6.Be2 Be7 7.Be3
Nc6 8.O-O O-O 9.f4 e5 10.Nb3 exf4 11.Rxf4 Be6 12.Qe1 Nd7 13.Rf1
Bg5 {%08DA} 14.Bf2 Re8 15.Nd4 Nxd4 16.Bxd4 Ne5 17.Bb5 Rf8 18.Rd1
Nc6 19.Bf2 Bg4 20.Be2 Bxe2 1/2-1/2

[Event "US Open"]
[Site "Vancouver, WA"]
[Date "2012.08.07"]
[Round "4"]
[White "Lundy, George (ID)"]
[Black "Mennella, James (NJ)"]
[Result "0-1"]
[WhiteElo "1649"]
[BlackElo "2000"]
[PlyCount "124"]

1.e4 d5 2.exd5 Nf6 3.c4 Nbd7 4.d4 Nb6 5.Nc3 g6 6.Nf3 Bg4 7.Be3
Bg7 8.Be2 O-O 9.b3 Nfd7 10.O-O e5 11.dxe6 Bxe6 12.Qd2 Re8 13.Rad1
c6 14.Rfe1 Nf6 15.h3 Qe7 16.Bd3 Rad8 17.Bh6 Qd7 18.Kh2 Bh8 19.Qc2
Nh5 20.Ng5 Bxd4 21.Ne2 Qc7+ 22.Ng3 Be5 23.Re3 Nf4 24.Nf3 Nxd3
25.Rdxd3 Bf6 26.Rxd8 Rxd8 27.Bg5 Nd7 28.Qe2 Re8 29.Bxf6 Nxf6
30.Ng5 Bd7 31.N5e4 Nxe4 32.Rxe4 Rxe4 33.Qxe4 Be6 34.Kg1 Qd6 35.Qe2
Qd4 36.Nf1 Kg7 37.Ne3 Qa1+ 38.Kh2 Qe5+ 39.Kg1 Bf5 40.Nxf5+ Qxf5
41.Kh2 Qf6 42.Qd2 b6 43.Qe2 c5 44.Kg3 h5 45.f4 h4+ 46.Kf3 Qc6+
47.Qe4 Qxe4+ 48.Kxe4 Kf6 49.a3 Ke6 50.b4 a6 51.Kf3 Kf5 52.Ke3
f6 53.Kf3 g5 54.fxg5 fxg5 55.g4+ hxg3 56.Kxg3 cxb4 57.axb4 a5
58.c5 bxc5 59.b5 Ke6 60.Kf3 a4 61.b6 Kd6 62.b7 Kc7 0-1